000
00209nam a2200085Ia 4500
008
120527s9999 xx 000 0 und d
100
_a
Clayton, R.
245
_a
The family,marriage and social change
942
_c
BK
999
_c
27588
_d
27588